UK Hawk Moths Picture - Statistics

General Stats
  • This quiz has been taken 27 times
  • The average score is 7 of 16
Answer Stats
Picture Answer % Correct
Elephant Hawk Moth
75%
Hummingbird Hawk Moth
75%
Small Elephant Hawk Moth
75%
Deaths Head Hawk Moth
69%
Poplar Hawk Moth
56%
Lime Hawk Moth
50%
Privet Hawk Moth
50%
Eyed Hawk Moth
44%
Bedstraw Hawk Moth
38%
Oleander Hawk Moth
38%
Pine Hawk Moth
38%
Broad bordered Bee Hawk Moth
19%
Convolvulus Hawk Moth
19%
Striped Hawk Moth
19%
Spurge Hawk Moth
13%
Willowherb Hawk Moth
13%
No matching quizzes found
Score Distribution
Percent of People with Each Score
Percentile by Number Answered
Your Score History
You have not taken this quiz